000 00564nam a2200229Ia 4500
003 OSt
005 20220918204800.0
006 a|||||r|||| 00| 0
007 ta
008 220917b |||||||| |||| 00| 0 eng d
024 _a114,059
037 _cTextual
040 _aARTS
_cARTS
_beng
041 _2eng
_aeng
082 _aV58:1:N3, H8
100 _aKucharzewski Jan
_9113049
245 0 _aOrigins of modern Russia
260 _c1948
650 _aHISTORY
942 _hV58:1:N3, H8
_cTEXL
_2CC
999 _c237390
_d237390